| 000 | 01161nam0a22002771 4500 | ||
|---|---|---|---|
| 001 | rc\404566 | ||
| 005 | 20260406102501.0 | ||
| 010 |
_a5-02-000747-Х _92000 |
||
| 035 | _a(NLR Aleph) 005653046 | ||
| 090 |
_a6792484 _c6792484 |
||
| 100 | _a20030616d1989 |||y0rusy50 ca | ||
| 101 | 0 | _arus | |
| 102 | _aRU | ||
| 105 | _aa ||||||||| | ||
| 200 | 1 |
_aВоздействие лазерного излучения на материалы _fР.В. Арутюнян, В.Ю. Баранов, Л.А. Большов и др. _gОтв. ред. Е.П. Велихов _g[АН СССР] |
|
| 210 |
_aМ. _cНаука _d1989 |
||
| 215 |
_a365, [2] с. _cил. _d22 |
||
| 300 | _aРез. на англ. яз. | ||
| 320 | _aБиблиогр.: с. 343-366 (526 назв.) | ||
| 701 | 1 |
_4070 _7ca _8rus _aАрутюнян _bР. В. _f1954-2019 _gРафаэль Варназович _9217523 _3RU\NLR\AUTH\770217579 |
|
| 702 | 1 |
_4080 _8rus _7ca _aВелихов _bЕ. П. _cд-р физ.-мат. наук _f1935-2024 _gЕвгений Павлович _3RU\NLR\AUTH\7784184 _967112 |
|
| 801 | 0 |
_aRU _bNLR _gpsbo |
|
| 801 | 1 |
_aRU _bELAR _2rusmarc |
|
| 852 |
_aNLR _j89-5/6774 |
||
| 942 | _cBOOK | ||
| 980 | _aNB | ||